=LDR 00000nam 2200000 4500 =001 INLIS000000000017552 =005 20130612112749 =008 ***********************************Ind** =035 ##$$0010-061300000017552 =041 ##$$a Ind =082 ##$$a 633.33 =090 ##$$a 633.33, Mar b =100 ##$$a Marzuki, H.A Rasyid =245 ##$$a Bertanaman kacang hijau, Drs. H.A Rasyid Marzuki, M.Sc =260 ##$$a 2005 $b Jakarta =300 ##$$a viii, 56 hlm, ilus, 21 cm =650 ##$$a Kacang hijau =850 ##$$a NBPNMAT